| 000 | 00895nam a2200241Ia 4500 | ||
|---|---|---|---|
| 003 | GCL | ||
| 005 | 20240530103459.0 | ||
| 008 | 140319s1984 ua a f b 000 0 ara d | ||
| 017 |
_a1984/1896 _bمصر- دار الكتب |
||
| 040 |
_aGCL / _cGCL |
||
| 082 | 0 | 4 |
_a738.0962/ _bق/م خ |
| 100 | 0 | _aمحمود ابراهيم حسين | |
| 245 | 1 | 2 |
_aالخزف الاسلامى فى مصر / _cمحمود ابراهيم حسين |
| 260 |
_aالقاهرة : _bمكتبة نهضة الشرق ، _c1984 |
||
| 300 |
_a298 ص: _bصور ؛ _c24 سم |
||
| 504 | _aيشتمل على ارجاعات ببليوجرافية | ||
| 650 | 0 | 7 |
_2qrmak _aاللوحات الفنية |
| 650 | 0 | 7 |
_2qrmak _aالفن الاسلامى _xتاريخ |
| 650 | 0 | 7 |
_2qrmak _aالخزف الاسلامى |
| 650 | 0 | 7 |
_2qrmak _aالفن الاسلامى |
| 650 | 0 | 7 |
_2qrmak _aالفنون الخزفية |
| 942 |
_2ddc _cBK |
||
| 999 |
_c39811 _d39811 |
||